000 00830nam a22002177a 4500
005 20250715144212.0
008 250715b |||||||| |||| 00| 0 eng d
020 _a978-88185-133-49-2(hbk)
037 _cTB
040 _aCRL
_cCRL
084 _aR2:(P15:3) N1;R5.1-.2
_qCRL
100 _aBhatta, V. P.
245 _aEpistemology, logica and grammer in the analysis of sentence-meaning 2 Vols.
260 _aDelhi, India:
_bEastern Book Liners,
_c2025.
300 _axxxvii,313p. (Vol. 1)
_bix,229p. (Vol. 2)
365 _b1500.00
_cINR
440 _vVol. 1-2
650 _2philosophy
942 _2CC
_cTB
_hR2:(P15:3) N1;R5.1-.2
_n0
999 _c1433661
_d1433661